| 000 | 00626 a2200193 4500 | ||
|---|---|---|---|
| 999 |
_c2225 _d2225 |
||
| 020 | _a9781526402981 | ||
| 050 | _aLB 1576 MED 2017 | ||
| 100 | 1 | _aMedwell, Jane | |
| 245 | 1 | 0 |
_aPrimary English : _bknowledge and understanding / _cJane Medwell, David Wray, George Moore. |
| 250 | _a8th ed. | ||
| 264 | 1 |
_aThousand Oaks, CA: _bSage, _c2017 |
|
| 300 |
_a284p. : _bill. |
||
| 500 | _aIncludes index and glossary Also includes references | ||
| 650 |
_aElementary education _xEnglish |
||
| 700 |
_aWray, David _eAuthor |
||
| 700 |
_aMoore, George _eAuthor |
||
| 942 |
_2lcc _cBK _e8th ed. _h1576 _iMED _kLB |
||